Rights and Constitutionalism : (Record no. 833)

MARC details
000 -LEADER
fixed length control field 00575nam a22001817a 4500
005 - DATE AND TIME OF INPUT
control field 20231121101112.0
008 - DATA ELEMENTS--GENERAL INFORMATION
fixed length control field 231121b |||||||| |||| 00| 0 eng d
020 ## - INTERNATIONAL STANDARD BOOK NUMBER
International Standard Book Number 0702132853
041 ## - LANGUAGE CODE
Language code of text English
082 ## - SHELF NUMBER
DDC number 342.8 RIG
100 ## - MAIN AUTHOR
Language of a work English
245 ## - TITLE STATEMENT
Title Rights and Constitutionalism :
Sub-title The New South African Legal Order /
Statement of responsibility, etc. edited by D Van Wyk et al.
250 ## - EDITION STATEMENT
Edition statement First Edition
260 ## - PUBLICATION, DISTRIBUTION, ETC.
Place of publication, distribution, etc. Cape Town :
Name of publisher, distributor, etc. Juta and Company Ltd,
Date of publication, distribution, etc. 1994
300 ## - PHYSICAL DESCRIPTION
Other physical details liv, 720 pages ;
Dimensions 26 cm.
650 ## - SUBJECT`
Broad subject Legal practice
Own subject terms Law
942 ## - ADDED ENTRY ELEMENTS (KOHA)
Item type Books
942 ## - ADDED ENTRY ELEMENTS (KOHA)
-- ALISON_BN_VRIES
Holdings
Source of classification or shelving scheme Not for loan Collection code Home library Current library Shelving location Date acquired Full call number Barcode Price effective from Koha item type
Dewey Decimal Classification   TEXT BOOKS LAW SOCIETY OF NAMIBIA LIBRARY - WINDHOEK LAW SOCIETY OF NAMIBIA LIBRARY - WINDHOEK Constitutional and administrative law 11/21/2023 342.8 RIG LSN/1995/26 11/21/2023 Books